[Event "Titled Tuesday intern op 16th Jan Early"]
[Site "Chess.com INT"]
[Date "2024.01.16"]
[Round "10"]
[White "Kacprzak, Kacper"]
[Black "Klukin, Kirill"]
[Result "0-1"]
[WhiteElo "2280"]
[BlackElo "2390"]
[PlyCount "113"]
[EventDate "2024.01.16"]
[EventType "swiss (blitz)"]
[EventRounds "11"]
[EventCountry "USA"]
[SourceTitle "CB04_2024"]
[SourceDate "2023.10.16"]
[SourceVersion "1"]
[SourceVersionDate "2023.10.16"]
[SourceQuality "1"]

1. Nf3 d5 2. d4 Nf6 3. c4 e6 4. Nc3 a6 5. cxd5 exd5 6. Bg5 Be6 7. Bxf6 Qxf6 8. Qb3 b5 9. a4 b4 10. Nxd5 Qd8 11. e4 c6 12. Qe3 cxd5 13. exd5 Qxd5 14. Rc1 Be7 15. Bc4 Qd6 16. Qe4 0-0 17. Qxa8 Bxc4 18. Rxc4 Qe6+ 19. Ne5 f6 20. 0-0 fxe5 21. Rfc1 Bg5 22. R1c2 exd4 23. g3 d3 24. Kg2 dxc2 25. Rxc2 Qf5 26. Re2 Nd7 27. Qc6 Bf6 28. b3 h6 29. h4 a5 30. Rd2 Ne5 31. Qd5+ Kh8 32. f4 Ng4 33. Qxf5 Ne3+ 34. Kf3 Nxf5 35. Rd5 Nd4+ 36. Ke4 Nxb3 37. Kd3 Rc8 38. g4 Nc5+ 39. Kc2 Nxa4+ 40. Kb3 Nc5+ 41. Kc4 b3 42. Rd1 b2 43. g5 Ne4+ 44. Kb3 Rb8+ 45. Kc2 b1Q+ 46. Rxb1 Rxb1 47. Kxb1 hxg5 48. hxg5 Nxg5 49. fxg5 Bxg5 50. Ka2 Bd8 51. Ka3 Kh7 52. Ka4 Kh6 53. Kb5 Kh5 54. Kc4 g5 55. Kc5 g4 56. Kc4 g3 57. Kd5 0-1

[Event "Titled Tuesday intern op 16th Jan Early"]
[Site "Chess.com INT"]
[Date "2024.01.16"]
[Round "7"]
[White "Zemlyanskii, Ivan"]
[Black "Kacprzak, Kacper"]
[Result "0-1"]
[WhiteElo "2492"]
[BlackElo "2280"]
[PlyCount "160"]
[EventDate "2024.01.16"]
[EventType "swiss (blitz)"]
[EventRounds "11"]
[EventCountry "USA"]
[SourceTitle "CB04_2024"]
[SourceDate "2023.10.16"]
[SourceVersion "1"]
[SourceVersionDate "2023.10.16"]
[SourceQuality "1"]

1. d4 Nf6 2. c4 e6 3. Bf4 b6 4. Nc3 Bb7 5. e3 Bb4 6. Nge2 0-0 7. a3 Bxc3+ 8. Nxc3 d6 9. Bd3 Qe7 10. 0-0 Nbd7 11. h3 e5 12. Bg3 Rfe8 13. Qc2 h6 14. Rfd1 a6 15. Bh4 Qf8 16. d5 g5 17. Bg3 Nc5 18. Be2 Bc8 19. b4 Nb7 20. e4 Bd7 21. Qd2 Nh7 22. Rab1 Qg7 23. Qe3 Nf8 24. Bg4 Rad8 25. f3 Ng6 26. Bf2 Nf4 27. Kh2 Rf8 28. g3 Ng6 29. Bf5 Ne7 30. g4 Ng6 31. Bg3 Nf4 32. h4 Qf6 33. h5 Kg7 34. Kg1 Rfe8 35. Qd2 Qe7 36. Kh2 Rb8 37. Bf2 Rec8 38. Rdc1 Nd8 39. Nd1 Qe8 40. Bxd7 Qxd7 41. Ne3 Kh7 42. Nf5 Nb7 43. Be3 Qa4 44. Rc3 Qd7 45. Qc2 a5 46. Rc1 Ra8 47. c5 bxc5 48. bxc5 dxc5 49. Bxc5 Ra6 50. Be3 Nd6 51. Rxc7 Rxc7 52. Qxc7 Qxc7 53. Rxc7 Nxf5 54. Rxf7+ Ng7 55. Re7 Nd3 56. Rd7 Kg8 57. Kg2 Kf8 58. Kf1 Ne8 59. Ke2 Nf4+ 60. Kd2 a4 61. Bc5+ Kg8 62. Kc3 Ra8 63. Kc4 Rc8 64. Kb5 Nd3 65. Bb4 Rb8+ 66. Kxa4 Ra8+ 67. Kb3 Rb8 68. Re7 Nd6 69. Rxe5 Nxe5 70. Kc3 Nef7 71. Kd4 Nb5+ 72. Kc5 Nbd6 73. Kd4 Rc8 74. Bc5 Nb5+ 75. Kc4 Nxa3+ 76. Kb4 Nc2+ 77. Kb5 Ne1 78. d6 Nxf3 79. d7 Rd8 80. Kc6 N3e5+ 0-1

[Event "POL-ch U20"]
[Site "Chotowa"]
[Date "2023.10.31"]
[Round "9"]
[White "Krawczyk, Flawian"]
[Black "Kacprzak, Kacper"]
[Result "1/2-1/2"]
[WhiteElo "2288"]
[BlackElo "2250"]
[PlyCount "53"]
[EventDate "2023.10.24"]
[EventType "swiss"]
[EventRounds "9"]
[EventCountry "POL"]
[SourceTitle "Mega2024 Update 01"]
[Source "Chessbase"]
[SourceDate "2023.11.12"]
[SourceVersion "1"]
[SourceVersionDate "2023.11.12"]
[SourceQuality "1"]
[WhiteTeam "Poland"]
[BlackTeam "Poland"]
[WhiteTeamCountry "POL"]
[BlackTeamCountry "POL"]

1. e4 c5 2. Nf3 d6 3. Bb5+ Nd7 4. d4 cxd4 5. Qxd4 a6 6. Bxd7+ Bxd7 7. Nc3 Nf6 8. Bg5 e6 9. e5 dxe5 10. Nxe5 Be7 11. 0-0-0 Bc6 12. Nxc6 bxc6 13. Bxf6 Bxf6 14. Qc5 Qc7 15. Nd5 exd5 16. Rhe1+ Kd7 17. Rxd5+ cxd5 18. Qxd5+ Kc8 19. Qxa8+ Qb8 20. Qc6+ Qc7 21. Qa8+ Qb8 22. Qxa6+ Qb7 23. Qc4+ Qc7 24. Qa6+ Qb7 25. Qc4+ Qc7 26. Qa6+ Qb7 27. Qxb7+ 1/2-1/2

[Event "POL-ch U20"]
[Site "Chotowa"]
[Date "2023.10.29"]
[Round "7"]
[White "Kacprzak, Kacper"]
[Black "Janeczko, Jakub"]
[Result "1-0"]
[WhiteElo "2250"]
[BlackElo "2280"]
[PlyCount "73"]
[EventDate "2023.10.24"]
[EventType "swiss"]
[EventRounds "9"]
[EventCountry "POL"]
[SourceTitle "Mega2024 Update 01"]
[Source "Chessbase"]
[SourceDate "2023.11.12"]
[SourceVersion "1"]
[SourceVersionDate "2023.11.12"]
[SourceQuality "1"]

1. e4 c5 2. Nf3 d6 3. d4 cxd4 4. Nxd4 Nf6 5. Nc3 a6 6. Nb3 Nc6 7. Be3 e6 8. g4 Be7 9. g5 Nd7 10. h4 b5 11. Qd2 Bb7 12. 0-0-0 Rc8 13. a3 Na5 14. Nxa5 Qxa5 15. Qd4 e5 16. Qb4 Qc7 17. Qb3 Nc5 18. Bxc5 Qxc5 19. Rh2 g6 20. Be2 Bc6 21. Bg4 Rb8 22. Nd5 Bd8 23. Rh3 Ba5 24. Nf6+ Ke7 25. Be2 Qxf2 26. Bd3 Rb7 27. Rf1 Qd2+ 28. Kb1 Kd8 29. Rhf3 Qh2 30. Nd5 Qxh4 31. Rxf7 Rxf7 32. Rxf7 Re8 33. a4 Qxg5 34. axb5 axb5 35. Bxb5 Qg1+ 36. Ka2 Qa7 37. Rxa7 1-0

[Event "POL-ch U20"]
[Site "Chotowa"]
[Date "2023.10.27"]
[Round "5"]
[White "Kacprzak, Kacper"]
[Black "Marciniak, Leonard"]
[Result "1-0"]
[WhiteElo "2250"]
[BlackElo "1856"]
[PlyCount "125"]
[EventDate "2023.10.24"]
[EventType "swiss"]
[EventRounds "9"]
[EventCountry "POL"]
[SourceTitle "Mega2024 Update 01"]
[Source "Chessbase"]
[SourceDate "2023.11.12"]
[SourceVersion "1"]
[SourceVersionDate "2023.11.12"]
[SourceQuality "1"]

1. e4 e5 2. Nf3 Nc6 3. Bb5 Nf6 4. d3 Bc5 5. Bxc6 dxc6 6. Nbd2 0-0 7. Nc4 Nd7 8. c3 Re8 9. 0-0 f6 10. d4 exd4 11. cxd4 Bf8 12. Re1 Nb6 13. b3 Bg4 14. Bb2 c5 15. d5 Nxc4 16. bxc4 Qd7 17. Qd3 Bxf3 18. Qxf3 b5 19. cxb5 Qxb5 20. Bc3 Qc4 21. Re3 Bd6 22. Qe2 Qxe2 23. Rxe2 c6 24. Rd1 cxd5 25. Rxd5 Re6 26. f3 Rc8 27. Red2 Rc6 28. g3 Bc7 29. Kf2 Bb6 30. Ke2 Kf7 31. Kd3 c4+ 32. Kc2 Be3 33. Rd7+ Re7 34. Bb4 Bc5 35. Bxc5 Rxc5 36. Kc3 Ke8 37. Rxe7+ Kxe7 38. Rd5 Rc6 39. Ra5 Rc7 40. Ra4 Ke6 41. Rxc4 Rb7 42. Rc6+ Kf7 43. Ra6 Rc7+ 44. Kd2 Rd7+ 45. Ke3 Ke7 46. h4 Kf7 47. h5 h6 48. f4 Rc7 49. Kf3 Rc3+ 50. Kg4 Rc7 51. Kf5 Rb7 52. g4 Rc7 53. e5 fxe5 54. fxe5 Rb7 55. Rd6 Ke7 56. Re6+ Kf7 57. Rc6 Ke7 58. Kg6 Rb4 59. Kxg7 Rxg4+ 60. Kxh6 Ra4 61. Kg7 Rxa2 62. h6 Rg2+ 63. Rg6 1-0

[Event "Ustron op-A"]
[Site "Ustron"]
[Date "2023.08.13"]
[Round "3"]
[White "Kacprzak, Kacper"]
[Black "Teclaf, Pawel"]
[Result "0-1"]
[WhiteElo "2291"]
[BlackElo "2586"]
[PlyCount "96"]
[EventDate "2023.08.11"]
[EventType "swiss"]
[EventRounds "9"]
[EventCountry "POL"]
[SourceTitle "CBM 215 Extra"]
[Source "ChessBase"]
[SourceDate "2023.09.30"]
[SourceVersion "1"]
[SourceVersionDate "2023.09.30"]
[SourceQuality "1"]

1. e4 c6 2. d4 d5 3. e5 Bf5 4. Nf3 e6 5. Be2 Nd7 6. 0-0 Bg6 7. Nbd2 Nh6 8. Nb3 Nf5 9. a4 a6 10. a5 Rc8 11. c4 dxc4 12. Bxc4 Bb4 13. Bd2 Bxd2 14. Qxd2 0-0 15. Rfd1 Ne7 16. Rac1 h6 17. Be2 Nd5 18. Nc5 Nxc5 19. Rxc5 Rc7 20. h3 Rd7 21. Bc4 Be4 22. Ne1 Ne7 23. Qe3 Bh7 24. Bd3 Bxd3 25. Qxd3 Nd5 26. Nf3 Qe7 27. Qb3 Rfd8 28. Rc4 Rb8 29. Rxc6 Qb4 30. Qxb4 Nxb4 31. Rc4 Nc6 32. b4 Rd5 33. Rb1 Rb5 34. Kf1 Nxa5 35. Rc5 Nc6 36. Rxb5 axb5 37. Rc1 Ra8 38. Rc5 Ra1+ 39. Ke2 Ra2+ 40. Kf1 Nxb4 41. Rxb5 Ra1+ 42. Ke2 Nd5 43. Rxb7 Nf4+ 44. Kd2 Ra2+ 45. Ke1 Nxg2+ 46. Kf1 Nf4 47. Ne1 Ra1 48. Rb3 Rd1 0-1